| 000 | 00500nam a2200181Ia 4500 | ||
|---|---|---|---|
| 005 | 20250326141858.0 | ||
| 008 | 250326s9999 xx 000 0 und d | ||
| 037 | _aTextbook | ||
| 040 |
_aFMSL _beng _cFMSL |
||
| 041 |
_aeng _2eng |
||
| 084 | _qFMSL | ||
| 100 | _aPrasad Pradhan H | ||
| 245 | 0 |
_aLopsided growth political economy of Indian development _cPrasad Pradhan H |
|
| 260 |
_aBombay _bBombay, Oxford Univ. Press _c1989 |
||
| 300 | _a125p | ||
| 942 | _cTB | ||
| 999 |
_c1292414 _d1292414 |
||